London market office report (Record no. 106550)
[ view plain ]
| 000 -LEADER | |
|---|---|
| fixed length control field | 00992cam a2200193 4500 |
| 001 - CONTROL NUMBER | |
| control field | L136919 |
| 008 - FIXED-LENGTH DATA ELEMENTS--GENERAL INFORMATION | |
| fixed length control field | 070305s2006 xxk f 000 0 eng d |
| 035 ## - SYSTEM CONTROL NUMBER | |
| System control number | (Sirsi) u136919 |
| 041 0# - LANGUAGE CODE | |
| Language code of text/sound track or separate title | eng |
| 110 2# - MAIN ENTRY--CORPORATE NAME | |
| Corporate name or jurisdiction name as entry element | Focus |
| 9 (RLIN) | 3296 |
| 245 00 - TITLE STATEMENT | |
| Title | London market office report |
| Remainder of title | Q4 2006 |
| Medium | [electronic resource] |
| 260 ## - PUBLICATION, DISTRIBUTION, ETC. | |
| Place of publication, distribution, etc. | London |
| Name of publisher, distributor, etc. | Focus |
| Date of publication, distribution, etc. | 2006 |
| 520 ## - SUMMARY, ETC. | |
| Summary, etc. | Reports vacancy rates to have dropped in the City in the fourth quarter to their lowest level for five years, and rents in the West End to be rising quickly. Predicts the E1 area to be a major growth area. Specific sections focus on the West End, Midtown, Docklands and Midtown areas. Graphs illustrate average Central London yields, the availability of Central London offices, and availability in sq. ft. by size band. |
| 590 ## - LOCAL NOTE (RLIN) | |
| Local note | KA |
| 651 #4 - SUBJECT ADDED ENTRY--GEOGRAPHIC NAME | |
| Geographic name | LONDON |
| 690 ## - LOCAL SUBJECT ADDED ENTRY--TOPICAL TERM (OCLC, RLIN) | |
| Topical term or geographic name as entry element | PROPERTY-COMMERCIAL PROPERTY-COMMERCIAL PROPERTY MARKET |
| 856 40 - ELECTRONIC LOCATION AND ACCESS | |
| Uniform Resource Identifier | <a href="https://www1.focusnet.co.uk/">https://www1.focusnet.co.uk/</a> |
| Public note | View the item free of charge at www1.focusnet.co.uk... |
| 942 ## - ADDED ENTRY ELEMENTS (KOHA) | |
| Suppress in OPAC | 0 |
| Withdrawn status | Lost status | Source of classification or shelving scheme | Damaged status | Not for loan | Home library | Current library | Shelving location | Date acquired | Total Checkouts | Full call number | Barcode | Date last seen | Copy number | Price effective from | Koha item type |
|---|---|---|---|---|---|---|---|---|---|---|---|---|---|---|---|
| Dewey Decimal Classification | Virtual | Virtual | Online | 05/03/2007 | ONLINE PUBLICATION | 136919-1001 | 06/08/2019 | 1 | 06/08/2019 | Book |